Statistics for World Cup 2014 Players by Letters - F

Click here to take the quiz!

General Stats

  • This quiz has been taken 123 times
  • The average score is 7 of 22

Answer Stats

TeamPlayer% Correct
NetherlandsLeroy Fer
93%
BrazilFernandinho
78%
Fred
69%
Augusto Fernandez
65%
ArgentinaFederico Fernandez
65%
Diego Forlan
59%
SwitzerlandGelson Fernandes
47%
EnglandBen Foster
42%
SpainCesc Fabregas
42%
Fraser Forster
40%
BelgiumMarouane Fellaini
36%
AlgeriaSofiane Feghouli
23%
HondurasMaynor Figueroa
13%
Costa RicaWaylon Francis
10%
GreeceIoannis Fetfatzidis
9%
UruguayJorge Fucile
9%
MexicoMarco Fabian
8%
ChileJosé Pedro Fuenzalida
7%
AustraliaIvan Franjic
6%
BosniaJasmin Fejzic
6%
CameroonLoïc Feudjou
6%
RussiaViktor Faïzouline
2%

Score Distribution

Percentile by Number Answered

Percent of People with Each Score

Your Score History

You have not taken this quiz